000 00878nam a2200241Ia 4500
003 OSt
005 20221005111817.0
006 a|||||r|||| 00| 0
007 ta
008 221004b |||||||| |||| 00| 0 hin d
024 _a30916
037 _cTextual
040 _aCRL
_cCRL
_bhin
041 _2hin
_ahin
082 _aToaY, 152L2
100 _aऑटवे, ए. के. सो.
_9624247
245 0 _aशिक्षा और समाज अनुवादक ब्रजभूषण शर्मा
246 _aShikṣhā aur samāj anuvādak brajabhūṣhaṇ sharmā
260 _aलखनऊ
_bउत्तर प्रदेश हिंदी ग्रंथ अकादमी भारत
_c1972
300 _a306पृ.
_ccm.
942 _hToaY, 152L2
_cTEXL
_2cc
999 _c1022990
_d1022990